000 00499nam a2200181Ia 4500
005 20250923144503.0
008 008 250917s9999 xx 000 0 eng d
037 _aTextual
040 _aDSWL
_beng
_cDSWL
041 _aeng
_2eng
084 _qDSWL
100 _aSarda, S.M.
_9825399
245 0 _aWorking & living condition of 75 work employed in private printing presses
_cby S.M. Sarda
260 _c1954
300 _av,92p.
942 _cTEXL
999 _c1439507
_d1439507